Động cơ hóa hành vi pháp luật /
Guardado en:
| Autor principal: | |
|---|---|
| Formato: | Artículo |
| Lenguaje: | Vietnamese |
| Materias: | |
| Etiquetas: |
Agregar Etiqueta
Sin Etiquetas, Sea el primero en etiquetar este registro!
|
| Thư viện lưu trữ: | Thư viện Trường Đại học Đà Lạt |
|---|
| LEADER | 00744nam a2200277 4500 | ||
|---|---|---|---|
| 001 | DLU090076761 | ||
| 005 | ##20090619 | ||
| 040 | # | # | |a DLU |b vie |
| 041 | # | # | |a vie |
| 044 | # | # | |a vn |
| 100 | # | # | |a Lê Vương Long, |c ThS. |
| 245 | # | # | |a Động cơ hóa hành vi pháp luật / |c Lê Vương Long. |
| 653 | # | # | |a Động cơ hóa |
| 653 | # | # | |a Hành vi |
| 653 | # | # | |a Nhận thức |
| 653 | # | # | |a Pháp luật |
| 773 | # | # | |t Luật học |g Số 1, 2000, tr. 36-40 |
| 920 | # | # | |a Phòng Tạp chí -- Trung tâm Thông tin - Thư viện Trường Đại học Đà Lạt |
| 994 | # | # | |a DLU |
| 900 | # | # | |a True |
| 911 | # | # | |a Nguyễn Thị Mai Anh |
| 925 | # | # | |a G |
| 926 | # | # | |a A |
| 927 | # | # | |a BB |
| 980 | # | # | |a Thư viện Trường Đại học Đà Lạt |